01275cam a22003614i 4500003000900000005001700009008004100026020001500067035002700082040003300109082002400142100003100166245012500197264003700322300004000359336002100399337002500420338002300445505025000468526001000718526001000728526001000738526001000748526000800758526000800766526000800774526000800782526000800790526000800798526000800806650006400814650003500878PE-LiUPU20250731172944.0150623s1996 xxu r 000 0 eng d a0567085066 a(Sirsi) i9780567085061 aPE-LiUPUbspacPE-LiUPUerda04a200.956 94bG792211 aGrabbe, Lester L.,eautor.13aAn introduction to first century Judaism :bJewish religion and History in the second temple period /cLester L. Grabbe. 1aEdinburgh :bT & T Clark,c1996. a124 páginas ;c21.5 centímetros atext2rdacontent aunmediated2rdamedia avolume2rdacarrier0 aIntroduction: background and sources -- Textual JUdaism: The priestlyand scribal current -- Revolutionary judaism: the political and 'messianic' current -- Eschatological judaism: the apocalyptic current -- inverted judaism: the gnostic current. aSEG42 aSEG41 aSEG40 aSEG39 aP94 aP87 aP86 aP85 aP77 aP76 aP3514aJudaísmoxHistoriayPeríodo post-exilio, 586 aC-210 dC.24aJudiosxHistoriay70 d. de JC.